<?xml version="1.0" encoding="UTF-8"?><?xml-stylesheet type="text/xsl" href="static/style.xsl"?><OAI-PMH xmlns="http://www.openarchives.org/OAI/2.0/" xmlns:xsi="http://www.w3.org/2001/XMLSchema-instance" xsi:schemaLocation="http://www.openarchives.org/OAI/2.0/ http://www.openarchives.org/OAI/2.0/OAI-PMH.xsd"><responseDate>2026-04-17T23:06:22Z</responseDate><request verb="GetRecord" identifier="oai:www.recercat.cat:10230/56525" metadataPrefix="marc">https://recercat.cat/oai/request</request><GetRecord><record><header><identifier>oai:recercat.cat:10230/56525</identifier><datestamp>2025-12-22T13:35:37Z</datestamp><setSpec>com_2072_6</setSpec><setSpec>col_2072_452952</setSpec></header><metadata><record xmlns="http://www.loc.gov/MARC21/slim" xmlns:dcterms="http://purl.org/dc/terms/" xmlns:xsi="http://www.w3.org/2001/XMLSchema-instance" xmlns:doc="http://www.lyncode.com/xoai" xsi:schemaLocation="http://www.loc.gov/MARC21/slim http://www.loc.gov/standards/marcxml/schema/MARC21slim.xsd">
   <leader>00925njm 22002777a 4500</leader>
   <datafield ind2=" " ind1=" " tag="042">
      <subfield code="a">dc</subfield>
   </datafield>
   <datafield ind2=" " ind1=" " tag="720">
      <subfield code="a">Bellés Obrero, Cristina Adelaida</subfield>
      <subfield code="e">author</subfield>
   </datafield>
   <datafield ind2=" " ind1=" " tag="720">
      <subfield code="a">Cabrales, Antonio</subfield>
      <subfield code="e">author</subfield>
   </datafield>
   <datafield ind2=" " ind1=" " tag="720">
      <subfield code="a">Jiménez-Martín, Sergi</subfield>
      <subfield code="e">author</subfield>
   </datafield>
   <datafield ind2=" " ind1=" " tag="720">
      <subfield code="a">Vall-Castelló, Judit</subfield>
      <subfield code="e">author</subfield>
   </datafield>
   <datafield ind2=" " ind1=" " tag="260">
      <subfield code="c">2023-04-20T06:21:11Z</subfield>
   </datafield>
   <datafield ind2=" " ind1=" " tag="260">
      <subfield code="c">2023-04-20T06:21:11Z</subfield>
   </datafield>
   <datafield ind2=" " ind1=" " tag="260">
      <subfield code="c">2023</subfield>
   </datafield>
   <datafield ind2=" " ind1=" " tag="520">
      <subfield code="a">We study the effect of women’s education on fertility and children’s health during a period of gender equalization and women’s greater access to economic opportunities. In 1980, Spain raised the minimum working age from 14 to 16, while the compulsory education age remained at 14. This reform changed the within-cohort incentives to remain in the educational system. Using a difference-in-differences approach, we find that the reform delayed fertility but did not impact the completed fertility of affected women. We also show that the reform was detrimental to the health of the children of affected mothers at delivery. We document two channels for this adverse effect: the postponement in the entrance of motherhood and the deterioration of mothers’ health habits (such as smoking and drinking). However, in the medium run, these more educated mothers reverse the adverse health shocks at birth through maternal vigilance and investment in their children’s health habits.</subfield>
   </datafield>
   <datafield ind2=" " ind1=" " tag="520">
      <subfield code="a">Jiménez-Martín gratefully acknowledges the support from the Spanish Ministry of Science, Innovation, and Universities (MICINN) through PID2020- 114231RB-I0 and from Spanish National Research Agency (AEI) through the Severo Ochoa Programme for Centres of Excellence in R&amp;amp;D (Barcelona School of Economics CEX2019-000915-S), Cabrales acknowledges support from the Spanish Ministry of Science, Innovation, and Universities (MICINN) through PID2021- 126892NB-I00, from MICIN/AEI/10.13039/501100011033, Spain through the María de Maeztu Programme for Centres of Excellence in R&amp;amp;D CEX2021-001181-M and from Comunidad de Madrid, Spain through EPUC3M11 (V PRICIT), and Bellés-Obrero acknowledges support from the Deutsche Forschungsgemeinschaft (DFG, German Research Foundation) through CRC TR 224 (Project A02).</subfield>
   </datafield>
   <datafield tag="653" ind2=" " ind1=" ">
      <subfield code="a">Education</subfield>
   </datafield>
   <datafield tag="653" ind2=" " ind1=" ">
      <subfield code="a">Fertility</subfield>
   </datafield>
   <datafield tag="653" ind2=" " ind1=" ">
      <subfield code="a">Infant health</subfield>
   </datafield>
   <datafield tag="653" ind2=" " ind1=" ">
      <subfield code="a">Gender equalization</subfield>
   </datafield>
   <datafield ind2="0" ind1="0" tag="245">
      <subfield code="a">Women’s education, fertility and children’ health during a gender equalization process: evidence from a child labor reform in Spain</subfield>
   </datafield>
</record></metadata></record></GetRecord></OAI-PMH>